2016 USA Swimming Olympic Team - Women - Statistics

General Stats
  • This quiz has been taken 36 times
  • The average score is 11 of 22
Answer Stats
Event Swimmer % Correct
200/400/800 Freestyle Katie Ledecky
97%
200 Freestyle, 200 Backstroke Missy Franklin
88%
100/200 Breaststroke Lilly King
84%
50/100 Freestyle Simone Manuel
78%
400/800 Freestyle Relays Allison Schmitt
72%
100 Butterfly, 400 Freestyle Relay Dana Vollmer
66%
400/800 Freestyle, 800 Freestyle Relay Leah Smith
56%
200/400 Individual Medley, 200 Backstroke Maya DiRado
56%
200 Butterfly Hali Flickinger
47%
100 Backstroke Kathleen Baker
47%
100 Backstroke Olivia Smoliga
44%
400 Individual Medley Elizabeth Beisel
41%
50/100 Freestyle Abbey Weitzeil
38%
200 IM, 800 Freestyle Relay Melanie Margalis
38%
400 Freestyle Relay Amanda Weir
34%
100 Breaststroke Katie Meili
34%
100 Butterfly Kelsi Worrell
34%
400 Freestyle Relay Lia Neal
31%
200 Butterfly Cammile Adams
28%
800 Freestyle Relay Cierra Runge
28%
200 Breaststroke Molly Hannis
28%
10K Open Water Haley Anderson
25%
No matching quizzes found
Score Distribution
Percent of People with Each Score
Percentile by Number Answered
Your Score History
You have not taken this quiz